01779nam a2200289 a 4500001001000000005001700010008004100027041000800068044000700076084002000083100004500103245009500148260003500243300002800278500028400306500032700590500017800917500004501095500001001140650005201150650005601202650003401258650004501292700005101337700005101388740005001439BRCA_269320190320203927.0021208s1887----sp-a---###---#000-0dspa-u aspa asp a207b.J84c18871 aCervantes Saavedra, Miguel ded1547-161610aEl Ingenioso Hidalgo Don Quijote de la Manchaccompuesto por Miguel de Cervantes Saavedra. aMadridbAgustín Juberac1887 avx, 541 p.bil.c28 cm. aContenido : Primera parte. Dedicatoria del autor. Advertencia del editor. Retrato de Cervantes. Prólogo del autor. Versos preliminares. Texto. Segunda parte. Dedicatoria del autor. Prólogo del autor. Vida de Cervantes por J. M. Quintana. El Buscapié por A. de Castro. Texto aEdición : Novísima edición con notas históricas, críticas y gramaticales de la Academica Española, Pellicer, Arrieta, Clemencín, Cuesta, Janer, etc. Aumentada con El Buscapié, anotado por D. Adolfo de Castro. Adornado con 300 grabados intercalados, láminas sueltas y el retrato del autor grabado en acero aReproducción de la edición de Gaspar en 1879, con los mismos dibujos de T. Johannot. La parte tipográfica mejorada. Semipiel; ejemplar bien conservado Lúdovik Osterc aIncluye índice : De láminas (p. 541) aQM20114aNovela españolayÉpoca clásica, 1500-170014aLiteratura españolayÉpoca clásica, 1500-170014aNovela españolaySiglo XVII14aDon Quijote (Personaje ficticio)eNovela1 aQuintana, José Manueld1772-1857eBiógrafo1 aCastro y Rossi, Adolfo ded1823-1898eAnotador0 aEl Ingenioso Hidalgo Don Quijote de la Mancha